Konštrukcia automobilov teória, konštrukcia, riziká I. Piestové spaľovacie motory

Bibliographic Details
Main Authors: Sloboda, Aurel, 1947- (Author), Bugár, Tibor, 1945- (Author), Tomková, Marianna (Author), Piľa, Ján, 1958- (Author), Tkáč, Zdenko, 1974- (Author)
Format: Book
Language:Slovak
PhysicalDescription:405 s. sch., tab. 24 cm
Published: Košice Technická univerzita 2006
ISBN:8080737185 (viaz.)
Edition:1. vyd.
Series:Edícia vedeckej a odbornej literatúry
Subjects:

MARC

LEADER 00000nam a2200000 a 4500
001 vtls008955922
003 SK-MaSNL
005 20260301210157.0
008 160830s2006 xo l d p 000 0 slo
015 |a SNBA2007/05-01647 
020 |a 8080737185 (viaz.) 
035 |a 97132571-CB3C-44FD-978B-C81604BE4073 
035 |a urn:nbn:sk:snk-amlan2 
035 |a urn:nbn:sk:snk-am0092ky 
040 |a SNK  |b slo  |c SNK  |e AACR2 
041 0 |a slo 
044 |a xo  |c SK 
072 7 |a 629  |x Dopravné prostriedky  |2 konspekt 
072 7 |a 621  |x Strojárstvo  |2 konspekt 
080 |a 629.3.02  |2 2001 
080 |a 621.432  |2 2001 
080 |a (075.8)  |2 2001 
245 0 0 |a Konštrukcia automobilov  |n I.  |p Piestové spaľovacie motory  |b teória, konštrukcia, riziká  |c Aurel Sloboda ... [et al.] 
246 3 0 |a Piestové spaľovacie motory 
250 |a 1. vyd. 
260 |a Košice  |b Technická univerzita  |c 2006 
300 |a 405 s.  |b sch., tab.  |c 24 cm 
366 |e 160 výtl. 
490 1 |a Edícia vedeckej a odbornej literatúry 
504 |a Bibliogr. s. 401-405 
650 0 7 |a konštrukcie vozidiel  |2 SNKPH  |9 100693 
650 0 7 |a piestové spaľovacie motory  |2 SNKPH  |9 322597 
655 7 |a učebnice vysokých škôl  |2 SNKPH  |9 70191 
700 1 |a Sloboda, Aurel,  |d 1947-  |4 aut  |9 219382 
700 1 |a Bugár, Tibor,  |d 1945-  |4 aut  |9 8119 
700 1 |a Tomková, Marianna  |4 aut  |9 14508 
700 1 |a Piľa, Ján,  |d 1958-  |4 aut  |9 327255 
700 1 |a Tkáč, Zdenko,  |d 1974-  |4 aut  |9 192955 
810 2 |a Technická univerzita v Košiciach.  |b Strojnícka fakulta  |t Edícia vedeckej a odbornej literatúry  |9 176109 
919 |a 80-8073-718-5 
958 |a OND 
958 |a NB 
968 |d 62 
999 |c 912759  |d 914689 
952 |a SNK  |b SNK  |y PREZ  |7 0  |p 17A0544866  |o snkSC 127332/1  |i snk2007/7464  |8 0  |0 0  |1 0  |4 0  |d 2007-03-15  |f 1  |l 0  |r 2025-06-16 00:00:00  |w 2026-02-24 
952 |a SNK  |b SNK  |y VYP  |7 0  |p 17A0544867  |o snkSC 127332/1 D1  |i snk2007/7465  |8 0  |0 0  |1 0  |4 0  |d 2007-03-15  |l 0  |r 2026-02-24 07:49:02  |w 2026-02-24